• AIU
  • Tony Wilmot Memorial Library

Wold'aqisa haraa : afaan boranatiin t'aa (Record no. 44148)

MARC details
000 -LEADER
fixed length control field 00582nam a22001811a 4500
020 ## - INTERNATIONAL STANDARD BOOK NUMBER
Terms of availability 0.00
040 ## - CATALOGING SOURCE
Original cataloging agency NEGST Library - Kenya
050 ## - LIBRARY OF CONGRESS CALL NUMBER
Classification number BS 325.B77 1978
100 ## - MAIN ENTRY--PERSONAL NAME
Personal name Bible Society of Kenya
245 ## - TITLE STATEMENT
Title Wold'aqisa haraa : afaan boranatiin t'aa
Medium [Text]
260 ## - PUBLICATION, DISTRIBUTION, ETC. (IMPRINT)
Place of publication, distribution, etc Nairobi
Name of publisher, distributor, etc The Bible Society of ken
Date of publication, distribution, etc c1978
300 ## - PHYSICAL DESCRIPTION
Extent 432 p.;
500 ## - GENERAL NOTE
General note "The New Testament in Boran" - T.P. verso [Africana]
600 ## - SUBJECT ADDED ENTRY--PERSONAL NAME
Personal name Bible N.T. - Boran, 1978
600 ## - SUBJECT ADDED ENTRY--PERSONAL NAME
Personal name Boran Language - Texts
852 ## - LOCATION/CALL NUMBER
-- 29.00
Holdings
Withdrawn status Lost status Source of classification or shelving scheme Damaged status Not for loan Collection code Home library Current library Shelving location Date acquired Cost, normal purchase price Total Checkouts Full call number Barcode Date last seen Copy number Price effective from Koha item type
    Library of Congress Classification     Special Collection AIU/NEGST - Tony Wilmot Memorial Library AIU/NEGST - Tony Wilmot Memorial Library Special Collection 02/22/2010 29.00   S BS 325.B77 1978 R36879J3232 09/26/2019 1 02/22/2010 Special Collection